Histoire - Les Noms - Statistiques

Statistiques générales
  • Ce quiz a été pris 38 fois
  • Le résultat moyen est 5 sur 10
Statistiques - réponses
Question Réponse % Correct
Pourquoi parle-t-on de "Révolution industrielle" ? En raison de l'industrialisation massive qui a transformé les modes de production et la société.
100%
Pourquoi le nom "Renaissance" est-il utilisé pour décrire la fin du Moyen-Âge ? En raison d'un renouveau de l'intérêt pour l'art, la science et la culture classique.
68%
D'où vient le nom de la dynastie mérovingienne ? Du nom d'un roi franc, Mérovée, considéré comme le fondateur de la dynastie.
62%
Pourquoi parle-t-on de "Pax Romana" pour désigner une période de l'Empire romain ? En raison de la paix relative et de la prospérité sous le règne d'Auguste et de ses successeurs.
56%
Pourquoi parle-t-on de la Réforme "protestante" ? Parce que les réformateurs ont "protesté" contre les abus et les pratiques de l'Église catholique, demandant des changements dans la doctrine et la pratique religieuse.
56%
Pourquoi l'héritier à la couronne de France s'appelait-il le Dauphin ? Le nom "Dauphin" a été adopté lorsque le roi Philippe VI a racheté le Dauphiné, dont la condition de vente était que l'héritier du roi soit responsable de cette province.
44%
Pourquoi le ministre des Finances britannique est nommé le "Chancelier de l'Échiquier", un titre créé par Henri II Plantagenet, et qui réside aujourd'hui au 11 Downing St ? Le Chancelier de l'Échiquier était à l'origine responsable de la gestion des finances royales, et le terme "échiquier" se réfère à la surface sur laquelle les comptes étaient tenus, ressemblant à un damier.
35%
D'où vient le nom "Vikings" ? Il provient d'un ancien mot signifiant "pirates" en vieil islandais.
32%
La guillotine était en premier lieu appelée la "louison", en référence à Antoine Louis, le concepteur de la machine. Pourquoi le nom "guillotine" est resté à la postérité ? Ce nom a été promu de manière ironique par le journal royaliste Les Actes des Apôtres pour se moquer du député.
29%
Parmi ces 4 propositions, de qui vient le nom de la dynastie des carolingiens ? Charles Martel
12%
Aucun quiz correspondant
Distribution des résultats
% des personnes avec chaque résultat
Percentile par nombre de réponses
Votre historique - résultats
Vous n’avez pas pris ce quiz